[Event "Less Trivial Norm - at leisure pace"]
[Site "SchemingMind.com"]
[Date "2007.09.07"]
[Round "-"]
[White "Konan_Kaddosh"]
[Black "smothered mate"]
[Result "1-0"]
[WhiteCountry "ITA"]
[BlackCountry "POL"]
[WhiteElo "2415"]
[WhiteRD "58"]
[BlackElo "1969"]
[BlackRD "78"]
[GameID "119512"]

1. e4 c5 2. Nf3 Nc6 3. d4 cxd4 4. Nxd4 e5 5. Nb5 d6 6. c4 Be7 7. N1c3 a6 8. Na3 Be6 9. Bd3 Nf6 10. Nc2 Rc8
11. Qe2 O-O 12. O-O Nd7 13. Nd5 f5 14. exf5 Bxf5 15. Bxf5 Rxf5 16. f4 Qf8 17. Be3 exf4 18. Bxf4 Nde5 19. Qe4 Rf7 20. Nce3 b5
21. Nf5 Nxc4 22. Ndxe7+ Nxe7 23. Nxd6 Ng6 24. Nxf7 Qxf7 25. b3 Qa7+ 26. Kh1 Nb6 27. Qe6+ Kh8 28. Rac1 Rf8 29. Be3
1-0

[Event "Less Trivial Norm - at leisure pace"]
[Site "SchemingMind.com"]
[Date "2007.09.11"]
[Round "-"]
[White "jp781"]
[Black "smothered mate"]
[Result "0-1"]
[WhiteCountry "USA"]
[BlackCountry "POL"]
[WhiteElo "1960"]
[WhiteRD "86"]
[BlackElo "1938"]
[BlackRD "52"]
[GameID "119513"]

1. d4 d5 2. c4 Bf5 3. Nf3 e6 4. e3 Nc6 5. Nc3 Nb4 6. Kd2 c5 7. Qa4+ Nc6 8. Ne5 cxd4 9. exd4 Ne7 10. c5 f6
11. Nxc6 Nxc6 12. Bd3 Bxd3 13. Kxd3 Qd7 14. Bf4 e5 15. Rhe1 O-O-O 16. Be3 Bxc5 17. dxc5 d4 18. Ke2 dxc3 19. Kf1 Qd3+ 20. Kg1 cxb2
21. Rab1 Qc3 22. Qb3 Qxb3 23. axb3 Rd3 24. Rxb2 Rhd8 25. b4 Rd1 26. Kf1 e4 27. b5 Ne5 28. h3 Rxe1+ 29. Kxe1 Nd3+ 30. Kd2 Nxb2+
31. Kc2 Nc4 32. Bf4 Rd3 33. Bc1 b6 34. cxb6 axb6 35. f3 f5 36. fxe4 fxe4 37. h4 Kd7 38. g4 Kd6 39. h5 Kc5
0-1

[Event "Less Trivial Norm - at leisure pace"]
[Site "SchemingMind.com"]
[Date "2007.09.11"]
[Round "-"]
[White "JasonY1982"]
[Black "smothered mate"]
[Result "1-0"]
[WhiteCountry "USA"]
[BlackCountry "POL"]
[WhiteElo "1955"]
[WhiteRD "64"]
[BlackElo "1924"]
[BlackRD "75"]
[GameID "119514"]

1. e4 c5 2. Nf3 Nc6 3. d4 cxd4 4. Nxd4 e5 5. Nb5 d6 6. N1c3 a6 7. Na3 b5 8. Nd5 Nge7 9. c4 Nxd5 10. exd5 Ne7
11. cxb5 Bb7 12. bxa6 Bxd5 13. b4 g6 14. Bg5 Bc6 15. Bf6 Rg8 16. Qd2 d5 17. b5 Qb6 18. Rb1 Bd7 19. Bxe5 Qe6 20. f4 f6
21. b6 Nc6 22. b7 Rb8 23. Nb5 Kf7 24. Nc7 Qf5 25. Qxd5+ Kg7 26. Bd3 Bb4+ 27. Rxb4 Nxb4 28. Qxg8+ Rxg8 29. Bxf5 Bxf5 30. a7 Nc2+
31. Kd2 Rd8+ 32. Kc1 fxe5 33. b8=Q
1-0

[Event "Less Trivial Norm - at leisure pace"]
[Site "SchemingMind.com"]
[Date "2007.09.12"]
[Round "-"]
[White "drako"]
[Black "Mekk"]
[Result "0-1"]
[WhiteCountry "LAT"]
[BlackCountry "POL"]
[WhiteElo "1737"]
[WhiteRD "105"]
[BlackElo "1959"]
[BlackRD "70"]
[GameID "119713"]

1. e4 e6 2. d4 d5 3. Nd2 Nf6 4. e5 Nfd7 5. Bd3 c5 6. c3 a6 7. Ne2 b5 8. f4 Nc6 9. Nf3 f5 10. exf6 Nxf6
11. Be3 Qb6 12. Qd2 c4 13. Bc2 b4 14. h3 Bd6 15. g4 a5 16. Ne5 O-O 17. Ng3 Bb7 18. g5 Ne4 19. Nxe4 dxe4 20. Nxc4 Qc7
21. Nxd6 Qxd6 22. Bxe4 Ba6
0-1

[Event "Less Trivial Norm - at leisure pace"]
[Site "SchemingMind.com"]
[Date "2007.09.12"]
[Round "-"]
[White "drako"]
[Black "Lazaro"]
[Result "0-1"]
[WhiteCountry "LAT"]
[BlackCountry "CUB"]
[WhiteElo "1698"]
[WhiteRD "92"]
[BlackElo "1595"]
[BlackRD "46"]
[GameID "119714"]

1. e4 c5 2. d4 cxd4 3. c3 dxc3 4. Bc4 cxb2 5. Bxb2 e6 6. Nf3 Nc6 7. O-O Nf6 8. Qe2 Nxe4 9. Rd1 Nf6 10. Nc3 Be7
11. Rac1 a6 12. h3 d5 13. Bd3 O-O 14. Bb1 Bd6 15. g4 Bd7 16. Qd3 Ne5
0-1

[Event "Less Trivial Norm - at leisure pace"]
[Site "SchemingMind.com"]
[Date "2007.09.08"]
[Round "-"]
[White "drako"]
[Black "Konan_Kaddosh"]
[Result "0-1"]
[WhiteCountry "LAT"]
[BlackCountry "ITA"]
[WhiteElo "1797"]
[WhiteRD "108"]
[BlackElo "2415"]
[BlackRD "58"]
[GameID "119715"]

1. e4 c5 2. d4 cxd4 3. c3 Nf6 4. e5 Nd5 5. Nf3 Nc6 6. Bc4 Nb6 7. Bb3 d5 8. cxd4 Bg4 9. Be3 e6 10. O-O Be7
11. h3 Bh5 12. g4 Bg6 13. Nc3 Rc8 14. Rc1 Nb4 15. Ne1 h5 16. f4 hxg4 17. hxg4 Qd7 18. a3 Nc6 19. Bc2 Nc4 20. Bxg6 Nxe3
21. Bxf7+ Kxf7 22. Qd3 Nxf1 23. Kxf1 Rh1+ 24. Kf2 Rch8 25. Rc2 Bh4+
0-1

[Event "Less Trivial Norm - at leisure pace"]
[Site "SchemingMind.com"]
[Date "2007.09.12"]
[Round "-"]
[White "drako"]
[Black "jp781"]
[Result "0-1"]
[WhiteCountry "LAT"]
[BlackCountry "USA"]
[WhiteElo "1698"]
[WhiteRD "92"]
[BlackElo "1926"]
[BlackRD "95"]
[GameID "119716"]

1. e4 c5 2. d4 cxd4 3. c3 dxc3 4. Bc4 cxb2 5. Bxb2 Nc6 6. Nf3 d6 7. O-O e5 8. Nc3 Nf6 9. Ng5 Be6 10. Bxe6 fxe6
11. Nxe6 Qe7 12. Nd5 Nxd5 13. exd5 Nd8 14. Qa4+ Kf7 15. f4 Nxe6
0-1

[Event "Less Trivial Norm - at leisure pace"]
[Site "SchemingMind.com"]
[Date "2007.09.12"]
[Round "-"]
[White "drako"]
[Black "smothered mate"]
[Result "0-1"]
[WhiteCountry "LAT"]
[BlackCountry "POL"]
[WhiteElo "1698"]
[WhiteRD "92"]
[BlackElo "1947"]
[BlackRD "57"]
[GameID "119717"]

1. e4 c5 2. d4 cxd4 3. c3 e6 4. f4 d5 5. Qxd4 Nc6 6. Bb5 Bd7 7. Qe3 dxe4 8. Qxe4 Nf6 9. Qe2 Bc5 10. Be3 Qb6
11. Bxc5 Qxc5 12. b4 Qe7 13. Nf3 O-O 14. O-O Nd5 15. Ne5 Nxe5 16. fxe5 Bxb5 17. Qxb5 Rac8 18. a3 Nxc3 19. Nxc3 Rxc3 20. Rad1 Rc7
21. Rd6 Qe8 22. Qd3 Qc8
0-1

[Event "Less Trivial Norm - at leisure pace"]
[Site "SchemingMind.com"]
[Date "2007.09.07"]
[Round "-"]
[White "drako"]
[Black "JasonY1982"]
[Result "0-1"]
[WhiteCountry "LAT"]
[BlackCountry "USA"]
[WhiteElo "1737"]
[WhiteRD "105"]
[BlackElo "1946"]
[BlackRD "60"]
[GameID "119718"]

1. e4 c5 2. d4 cxd4 3. c3 dxc3 4. Bc4 d6 5. Nf3 e6 6. O-O Nf6 7. Qe2 Be7 8. Rd1 Bd7 9. e5 dxe5 10. Nxe5 a6
11. Nxc3 Qc8 12. Rxd7 Nbxd7 13. Nxf7 Kxf7 14. Qxe6+ Ke8 15. Bf4 Qc6 16. Qf7+ Kd8 17. Qxg7 Rf8 18. Bf7 Nh5 19. Bxh5 Rxf4 20. Re1 Qc5
21. Qg3 Rxf2 22. Qxf2 Qxh5 23. Qd2 Rc8 24. a3 Rc6
0-1

[Event "Less Trivial Norm - at leisure pace"]
[Site "SchemingMind.com"]
[Date "2007.09.12"]
[Round "-"]
[White "Mekk"]
[Black "drako"]
[Result "1-0"]
[WhiteCountry "POL"]
[BlackCountry "LAT"]
[WhiteElo "1974"]
[WhiteRD "67"]
[BlackElo "1698"]
[BlackRD "92"]
[GameID "119720"]

1. Nf3 d5 2. g3 c5 3. Bg2 Nc6 4. O-O e5 5. d3 Be6 6. c3 Bd6 7. a3 a5 8. Ng5 Nf6 9. Nxe6 fxe6 10. e4 O-O
11. Bg5 Be7 12. Nd2 a4 13. Bh3 Qd6 14. Qe2 h6 15. Bxf6 Bxf6 16. Qg4 Rfe8 17. Rfd1 b5 18. Nf1 Bg5 19. Ne3 d4 20. Nc2 Re7
21. cxd4 Nxd4 22. Nxd4
1-0

[Event "Less Trivial Norm - at leisure pace"]
[Site "SchemingMind.com"]
[Date "2007.09.12"]
[Round "-"]
[White "Lazaro"]
[Black "drako"]
[Result "0-1"]
[WhiteCountry "CUB"]
[BlackCountry "LAT"]
[WhiteElo "1595"]
[WhiteRD "46"]
[BlackElo "1698"]
[BlackRD "92"]
[GameID "119721"]

1. Nf3 c5 2. c4 Nc6 3. d4 cxd4 4. Nxd4 Nf6 5. Nc3 d6 6. e4 e6 7. Be3 Be7 8. Be2 a6 9. O-O Qa5 10. Qd2 Bd7
11. Rad1 Nxd4 12. Qxd4 Bc6 13. a3 Qc7 14. f3 O-O
0-1

[Event "Less Trivial Norm - at leisure pace"]
[Site "SchemingMind.com"]
[Date "2007.09.08"]
[Round "-"]
[White "Konan_Kaddosh"]
[Black "drako"]
[Result "1-0"]
[WhiteCountry "ITA"]
[BlackCountry "LAT"]
[WhiteElo "2377"]
[WhiteRD "62"]
[BlackElo "1860"]
[BlackRD "114"]
[GameID "119722"]

1. e4 e5 2. Nf3 f5 3. Nxe5 Nc6 4. d4 Qe7 5. Nc3 Nf6 6. Nxc6 bxc6 7. e5 d6 8. Qf3 Bd7 9. Bf4 g5 10. Bxg5 dxe5
11. O-O-O e4 12. Nxe4 fxe4 13. Qxf6 Qxf6 14. Bxf6 Bh6+ 15. Kb1 Rf8 16. Bh4 Bf5 17. d5 Kd7 18. Bc4 Rae8 19. Bb3 Re5 20. Bg3 Re7
21. d6 Ree8 22. Bc4 Bg4 23. dxc7+
1-0

[Event "Less Trivial Norm - at leisure pace"]
[Site "SchemingMind.com"]
[Date "2007.09.12"]
[Round "-"]
[White "jp781"]
[Black "drako"]
[Result "1-0"]
[WhiteCountry "USA"]
[BlackCountry "LAT"]
[WhiteElo "1926"]
[WhiteRD "95"]
[BlackElo "1698"]
[BlackRD "92"]
[GameID "119723"]

1. e4 e5 2. Nf3 f5 3. Nxe5 Nc6 4. Qh5+ g6 5. Nxg6 Nf6 6. Qh3 hxg6 7. Qxh8 d5 8. exd5 Qe7+ 9. Kd1 Ne4 10. Be2 Nb4
11. Rf1 Bd7 12. d3 O-O-O 13. c3
1-0

[Event "Less Trivial Norm - at leisure pace"]
[Site "SchemingMind.com"]
[Date "2007.09.12"]
[Round "-"]
[White "smothered mate"]
[Black "drako"]
[Result "1-0"]
[WhiteCountry "POL"]
[BlackCountry "LAT"]
[WhiteElo "1947"]
[WhiteRD "57"]
[BlackElo "1698"]
[BlackRD "92"]
[GameID "119724"]

1. e4 e5 2. Nf3 f5 3. Nxe5 Nc6 4. Nxc6 dxc6 5. d4 Be6 6. e5 Qd5 7. c4 Qe4+ 8. Qe2 Qxd4 9. Nc3 Bb4 10. Bd2 O-O-O
11. O-O-O Bxc3 12. Bxc3 Qxd1+ 13. Qxd1 Rxd1+ 14. Kxd1 Ne7 15. f4 h5 16. Be2 h4 17. b3 c5 18. Bf3 c6 19. Ke2 h3 20. g3 Rd8
21. Rd1 b5 22. Rd6 Rxd6 23. exd6 Ng6 24. Bxc6 bxc4 25. Bxg7
1-0

[Event "Less Trivial Norm - at leisure pace"]
[Site "SchemingMind.com"]
[Date "2007.09.07"]
[Round "-"]
[White "JasonY1982"]
[Black "drako"]
[Result "1-0"]
[WhiteCountry "USA"]
[BlackCountry "LAT"]
[WhiteElo "1897"]
[WhiteRD "77"]
[BlackElo "1797"]
[BlackRD "108"]
[GameID "119725"]

1. e4 e5 2. Nf3 f5 3. Nxe5 Nc6 4. d4 Qe7 5. Nc3 Nxe5 6. Nd5 Qh4 7. dxe5 Qxe4+ 8. Be2 Bb4+ 9. c3 Ba5 10. O-O c6
11. Bf3 Qh4 12. Ne3 Ne7 13. g3 Qh3 14. Bg2 Qh6 15. Nc4
1-0

[Event "Less Trivial Norm - at leisure pace"]
[Site "SchemingMind.com"]
[Date "2007.09.08"]
[Round "-"]
[White "doodledandy"]
[Black "drako"]
[Result "1-0"]
[WhiteCountry "CAN"]
[BlackCountry "LAT"]
[WhiteElo "2455"]
[WhiteRD "94"]
[BlackElo "1737"]
[BlackRD "105"]
[GameID "119851"]

1. e4 e5 2. Nf3 f5 3. Nxe5 Nc6 4. d4 Qe7 5. Nc3 Nxe5 6. Nd5 Qh4 7. Nxc7+ Kd8 8. Nxa8 Qxe4+ 9. Qe2 Qxd4 10. Qe3 Bc5
11. Qxd4 Bxd4 12. c3 Bc5 13. b4 Be7 14. Be3 b6 15. Nxb6 axb6 16. Bxb6+ Ke8 17. a4 Nf6 18. a5 Nd5 19. Bd4 Nc6 20. Bxg7 Rg8
21. Bc4 Rxg7 22. Bxd5 Ba6 23. g3 Rg6 24. O-O-O Ne5 25. Kc2 Rd6 26. Rd4 Nc6 27. Rd2 Ne5 28. Rhd1 Kd8 29. Kb3
1-0

[Event "Less Trivial Norm - at leisure pace"]
[Site "SchemingMind.com"]
[Date "2007.09.12"]
[Round "-"]
[White "doodledandy"]
[Black "Mekk"]
[Result "1-0"]
[WhiteCountry "CAN"]
[BlackCountry "POL"]
[WhiteElo "2463"]
[WhiteRD "97"]
[BlackElo "1974"]
[BlackRD "67"]
[GameID "119852"]

1. e4 c5 2. Nf3 Nc6 3. d4 cxd4 4. Nxd4 Nf6 5. Nc3 e5 6. Ndb5 d6 7. Bg5 a6 8. Na3 b5 9. Bxf6 gxf6 10. Nd5 f5
11. c3 Bg7 12. exf5 Bxf5 13. Nc2 O-O 14. Nce3 Be6 15. Bd3 f5 16. O-O Kh8 17. a4 b4 18. cxb4 e4 19. Nf4 Bg8 20. Bxa6 Rxa6
21. b5 Rb6 22. bxc6 Rxc6 23. Rc1 Rxc1 24. Qxc1 d5 25. Nexd5 Be5 26. Qc5 Qb8 27. b4 Bxd5 28. Nxd5 Bxh2+ 29. Kh1 Bd6 30. Qc6 Qd8
31. Qc3+ Kg8 32. a5 f4 33. Qc4 Qh4+ 34. Kg1 f3 35. Nf4+ Rf7 36. g3 Qg4 37. Rc1 Bxf4 38. Qc8+ Qxc8 39. Rxc8+ Kg7 40. gxf4 Rxf4
41. a6 Rg4+ 42. Kf1 Rh4 43. Ke1 Rh1+ 44. Kd2 Ra1 45. b5 h5 46. b6 Rxa6 47. b7 Ra2+ 48. Kc3
1-0

[Event "Less Trivial Norm - at leisure pace"]
[Site "SchemingMind.com"]
[Date "2007.09.12"]
[Round "-"]
[White "doodledandy"]
[Black "Lazaro"]
[Result "1-0"]
[WhiteCountry "CAN"]
[BlackCountry "CUB"]
[WhiteElo "2463"]
[WhiteRD "97"]
[BlackElo "1595"]
[BlackRD "46"]
[GameID "119853"]

1. e4 c5 2. Nf3 d6 3. Bb5+ Bd7 4. Bxd7+ Qxd7 5. O-O Nc6 6. c3 d5 7. exd5 Qxd5 8. d4 Rd8= 9. Qa4 cxd4 10. Nxd4 Qa5
11. Qb3 Nxd4 12. cxd4 Rd7 13. Be3 e6 14. Rc1 Ne7 15. Nc3 Nc6 16. Rd1 Qb4 17. Qc2 Qa5 18. a3 Qh5 19. Qb3 Bd6 20. h3 O-O
21. d5 exd5 22. Rxd5 Qg6 23. Re1 h6 24. Bf4 Rfd8 25. Bxd6 Rxd6 26. Rxd6 Qxd6 27. Qxb7 Rb8 28. Qa6
1-0

[Event "Less Trivial Norm - at leisure pace"]
[Site "SchemingMind.com"]
[Date "2007.09.08"]
[Round "-"]
[White "doodledandy"]
[Black "Konan_Kaddosh"]
[Result "1/2-1/2"]
[WhiteCountry "CAN"]
[BlackCountry "ITA"]
[WhiteElo "2478"]
[WhiteRD "88"]
[BlackElo "2377"]
[BlackRD "62"]
[GameID "119854"]

1. e4 c5 2. Nf3 Nc6 3. d4 cxd4 4. Nxd4 e5 5. Nb5 d6 6. c4 Be7 7. N1c3 a6 8. Na3 Be6 9. Nc2 Bg5 10. Ne3 Nge7
11. Bd3 O-O 12. O-O Rc8 13. Ned5 Bxc1 14. Rxc1 Nd4 15. Ne2 Nxd5 16. cxd5 Bg4 17. Qd2 Qb6 18. h3 Bd7 19. Rxc8 Rxc8= 20. Rc1 Nxe2+
21. Bxe2 Rxc1+ 22. Qxc1 h6 23. b3 f5 24. Bh5 Qd8 25. Qe3 Qh4 26. Bf3 Qd8 27. Bh5 Qh4=
1/2-1/2

[Event "Less Trivial Norm - at leisure pace"]
[Site "SchemingMind.com"]
[Date "2007.09.11"]
[Round "-"]
[White "doodledandy"]
[Black "jp781"]
[Result "1-0"]
[WhiteCountry "CAN"]
[BlackCountry "USA"]
[WhiteElo "2455"]
[WhiteRD "94"]
[BlackElo "1871"]
[BlackRD "115"]
[GameID "119855"]

1. e4 c5 2. Nf3 d6 3. Bb5+ Bd7 4. Bxd7+ Nxd7 5. O-O Ngf6 6. Qe2 g6 7. c3 Bg7 8. d4 cxd4 9. cxd4 O-O 10. Nc3 Rc8
11. e5 dxe5 12. dxe5 Ng4 13. e6 Nc5 14. exf7+ Rxf7 15. Ng5 Nxf2 16. Nxf7 Nh3+ 17. gxh3 Bd4+ 18. Be3 Qd7 19. Rad1 Bxe3+ 20. Qxe3 Qc7
21. Nd5
1-0

[Event "Less Trivial Norm - at leisure pace"]
[Site "SchemingMind.com"]
[Date "2007.09.13"]
[Round "-"]
[White "doodledandy"]
[Black "smothered mate"]
[Result "1-0"]
[WhiteCountry "CAN"]
[BlackCountry "POL"]
[WhiteElo "2474"]
[WhiteRD "90"]
[BlackElo "1969"]
[BlackRD "78"]
[GameID "119856"]

1. e4 c5 2. Nf3 Nc6 3. d4 cxd4 4. Nxd4 e5 5. Nb5 d6 6. c4 Be7 7. b3 Be6 8. Bd3 Nf6 9. O-O O-O 10. N1c3 Rc8
11. Nd5 a6 12. Nbc3 Nd4 13. Be3 b5 14. cxb5 Bxd5 15. Nxd5 Nxb5 16. Nxf6+ Bxf6 17. a4 Nc3 18. Qe1 Qa5 19. Bd2 Rc6 20. Bc4
1-0

[Event "Less Trivial Norm - at leisure pace"]
[Site "SchemingMind.com"]
[Date "2007.09.08"]
[Round "-"]
[White "doodledandy"]
[Black "JasonY1982"]
[Result "1-0"]
[WhiteCountry "CAN"]
[BlackCountry "USA"]
[WhiteElo "2478"]
[WhiteRD "88"]
[BlackElo "1873"]
[BlackRD "96"]
[GameID "119857"]

1. e4 c5 2. Nf3 d6 3. Bb5+ Bd7 4. Bxd7+ Nxd7 5. O-O Ngf6 6. Qe2 e6 7. b3 Be7 8. Bb2 O-O 9. c4 a6 10. Nc3 Qc7
11. d4 cxd4 12. Nxd4 Nc5 13. f4 b6 14. Rad1 Qb7 15. Rfe1 Rfd8 16. e5 dxe5 17. fxe5 Ne8 18. Rf1 Bg5 19. b4 Nd7 20. Ne4 Bh6
21. Qf3
1-0

[Event "Less Trivial Norm - at leisure pace"]
[Site "SchemingMind.com"]
[Date "2007.09.09"]
[Round "-"]
[White "drako"]
[Black "doodledandy"]
[Result "0-1"]
[WhiteCountry "LAT"]
[BlackCountry "CAN"]
[WhiteElo "1773"]
[WhiteRD "108"]
[BlackElo "2462"]
[BlackRD "91"]
[GameID "119859"]

1. e4 c5 2. d4 cxd4 3. c3 dxc3 4. Bc4 cxb2 5. Bxb2 e6 6. Nf3 Nc6 7. O-O Nf6 8. Qe2 Nxe4 9. Rd1 Nf6 10. Nc3 Be7
11. h3 O-O 12. g4 d5 13. Bd3 a6 14. Rac1 h6 15. Bb1 Bd7 16. g5 hxg5 17. Nxg5 d4 18. Nce4 Nxe4 19. Nxe4 e5 20. Qh5 f5
21. Ng3 Qe8 22. Qe2 Rf6 23. Rxc6 bxc6 24. Qxe5 c5 25. Nxf5 Bf8 26. Qg3 Rb8 27. Nxd4 Rxb2 28. Nf3 Qe2
0-1

[Event "Less Trivial Norm - at leisure pace"]
[Site "SchemingMind.com"]
[Date "2007.09.12"]
[Round "-"]
[White "Mekk"]
[Black "doodledandy"]
[Result "0-1"]
[WhiteCountry "POL"]
[BlackCountry "CAN"]
[WhiteElo "1959"]
[WhiteRD "70"]
[BlackElo "2455"]
[BlackRD "94"]
[GameID "119860"]

1. e4 c5 2. Nf3 Nc6 3. d4 cxd4 4. Nxd4 Nf6 5. Nc3 d6 6. f3 e5 7. Nb3 Be7 8. Be3 O-O 9. Bc4 Be6 10. Nd5 Rc8
11. c3 Nxd5 12. Bxd5 Bh4+ 13. g3 Bg5 14. Bf2 Bh3 15. Qd3 Ne7 16. f4 exf4 17. gxf4 Nxd5 18. fxg5 Bg2 19. Rg1 Bxe4 20. Qxe4 Re8
21. Qxe8+ Qxe8+ 22. Kd2 Qe5 23. Raf1 Nxc3 24. Bd4 Qe2+ 25. Kc1 Nxa2+ 26. Kb1 Nb4 27. Rc1 Qd3+
0-1

[Event "Less Trivial Norm - at leisure pace"]
[Site "SchemingMind.com"]
[Date "2007.09.13"]
[Round "-"]
[White "Lazaro"]
[Black "doodledandy"]
[Result "0-1"]
[WhiteCountry "CUB"]
[BlackCountry "CAN"]
[WhiteElo "1595"]
[WhiteRD "46"]
[BlackElo "2463"]
[BlackRD "97"]
[GameID "119861"]

1. e4 c5 2. c3 d6 3. d4 Nf6 4. dxc5 Nc6 5. f3 d5 6. b4 e6 7. a3 a5 8. exd5 Nxd5 9. c4 Nf6 10. Qxd8+ Kxd8
11. b5 Nd4 12. Ra2 Nb3 13. Bg5 h6 14. Bh4 Nxc5 15. Bg3 b6 16. Rd2+ Ncd7 17. Ne2 Nh5 18. Bf2 Kc7 19. Ng3 Nf4 20. Ne4 f5
21. Nec3 Nc5 22. Be3 Ng6 23. h4 Bb7 24. h5 Ne5 25. Bf4 Bd6 26. Rxd6 Kxd6 27. Kf2 a4 28. Nd1 Nd7 29. Nb2 Ke7 30. Be2 Nf7
0-1

[Event "Less Trivial Norm - at leisure pace"]
[Site "SchemingMind.com"]
[Date "2007.09.08"]
[Round "-"]
[White "Konan_Kaddosh"]
[Black "doodledandy"]
[Result "1-0"]
[WhiteCountry "ITA"]
[BlackCountry "CAN"]
[WhiteElo "2444"]
[WhiteRD "56"]
[BlackElo "2462"]
[BlackRD "91"]
[GameID "119862"]

1. e4 c5 2. Nf3 Nc6 3. d4 cxd4 4. Nxd4 Nf6 5. Nc3 d6 6. Bg5 e6 7. Qd2 a6 8. O-O-O h6 9. Nxc6 bxc6 10. Bf4 d5
11. Qe3 Bb7 12. Be2 Qa5 13. Qg3 O-O-O 14. exd5 cxd5 15. Rd4 Bc5 16. Ra4 Qb6 17. Qxg7 Nd7 18. Bg3 f5 19. Rd1 Rdg8 20. Qf7 Rf8
21. Qh5 d4 22. Nb1 f4 23. Bh4 Rf5 24. Qg6 Rff8 25. Nd2 Ne5 26. Qg7 Rhg8 27. Qxh6 d3 28. Bxd3 Nxd3+ 29. cxd3 Bd5 30. b3 Bd4
31. g3 Bg7 32. Qh7 Kb8 33. d4 Bxd4 34. Nc4 Bxc4 35. Rxc4 Rc8 36. Rd2 Rxc4+ 37. bxc4 Rc8 38. Qd3 Qb4 39. Kd1 Rxc4 40. Be7 Qa4+
41. Qb3+ Kc8 42. Qxa4 Rxa4 43. gxf4 Bb6 44. Bd6 Ba5 45. Rc2+ Kd7 46. Be5 Bd8 47. Ke2 Ra3 48. Kf1 Ke8 49. Kg2 Kf7 50. f3 Kg6
51. Kg3 Bf6 52. h4 Bxe5 53. fxe5 Kf5 54. Rh2 Kg6 55. Kg4 Re3 56. Kf4 Ra3 57. Rg2+ Kh6 58. Kg4
1-0

[Event "Less Trivial Norm - at leisure pace"]
[Site "SchemingMind.com"]
[Date "2007.09.12"]
[Round "-"]
[White "jp781"]
[Black "doodledandy"]
[Result "0-1"]
[WhiteCountry "USA"]
[BlackCountry "CAN"]
[WhiteElo "1871"]
[WhiteRD "115"]
[BlackElo "2455"]
[BlackRD "94"]
[GameID "119863"]

1. d4 Nf6 2. c4 e6 3. Nc3 Bb4 4. e3 c5 5. Nf3 cxd4 6. exd4 d5 7. Bd3 dxc4 8. Bxc4 O-O 9. O-O b6 10. a3 Bxc3
11. bxc3 Qc7 12. Qb3 Bb7 13. Ne5 Nc6 14. Bf4 Na5 15. Qb4 Nxc4 16. Ng6 e5 17. Nxe5 Nd5 18. Ng6 Qc6 19. Ne7+ Nxe7 20. f3 Nd5
0-1

[Event "Less Trivial Norm - at leisure pace"]
[Site "SchemingMind.com"]
[Date "2007.09.13"]
[Round "-"]
[White "smothered mate"]
[Black "doodledandy"]
[Result "0-1"]
[WhiteCountry "POL"]
[BlackCountry "CAN"]
[WhiteElo "1969"]
[WhiteRD "78"]
[BlackElo "2474"]
[BlackRD "90"]
[GameID "119864"]

1. e4 c5 2. c3 d6 3. d4 Nf6 4. f3 cxd4 5. cxd4 g6 6. Nc3 Bg7 7. Bd3 Nc6 8. Nge2 O-O 9. O-O Bd7 10. Be3 Rc8
11. Rc1 a6 12. Qd2 e6 13. Bh6 Bxh6 14. Qxh6 Qb6 15. Kh1 Nxd4 16. Ng3 e5 17. h4 Be6 18. h5 Qxb2 19. Nf5 Bxf5 20. exf5 e4
21. Nxe4 Nxf5 22. Qg5 Nxe4 23. fxe4 Rxc1 24. Rxc1 h6 25. Qf4 g5 26. Qxf5 Qxc1+ 27. Kh2 Qf4+
0-1

[Event "Less Trivial Norm - at leisure pace"]
[Site "SchemingMind.com"]
[Date "2007.09.08"]
[Round "-"]
[White "JasonY1982"]
[Black "doodledandy"]
[Result "0-1"]
[WhiteCountry "USA"]
[BlackCountry "CAN"]
[WhiteElo "1897"]
[WhiteRD "77"]
[BlackElo "2474"]
[BlackRD "90"]
[GameID "119865"]

1. e4 c5 2. Nf3 Nc6 3. d4 cxd4 4. Nxd4 Nf6 5. Nc3 d6 6. Nxc6 bxc6 7. e5 dxe5 8. Qxd8+ Kxd8 9. Be3 Bf5 10. O-O-O+ Kc7
11. Bc4 e6 12. f3 Nd5 13. Bd2 a5 14. Rhe1 f6 15. g4 Bg6 16. a3 Bc5 17. Ne4 Bd4 18. c3 Ba7 19. g5 f5 20. Ng3 f4
21. Nf1 Kd6 22. h3 Bg1 23. Ba2 Bh5 24. Bxf4 exf4 25. c4 Bxf3 26. cxd5 exd5
0-1